[Event "SWE-chT Lag SM"]
[Site "Stockholm"]
[Date "2021.10.22"]
[Round "1.1"]
[White "Lokander, Martin"]
[Black "Heberla, Bartlomiej"]
[Result "1/2-1/2"]
[WhiteElo "2462"]
[BlackElo "2558"]
[PlyCount "93"]
[EventDate "2021.10.22"]
[EventType "team-tourn"]
[EventRounds "3"]
[EventCountry "SWE"]
[SourceTitle "CBM 204 Extra"]
[Source "ChessBase"]
[SourceDate "2021.11.30"]
[SourceVersion "1"]
[SourceVersionDate "2021.11.30"]
[SourceQuality "1"]
[WhiteTeam "Stockholm SS"]
[BlackTeam "Eksjo"]
[WhiteTeamCountry "SWE"]
[BlackTeamCountry "SWE"]

1. d4 e6 2. c4 Nf6 3. Nc3 Bb4 4. a3 Bxc3+ 5. bxc3 d5 6. e3 c6 7. Bd3 b6 8. Ne2 Ba6 9. cxd5 Bxd3 10. Qxd3 cxd5 11. c4 dxc4 12. Qxc4 0-0 13. Bd2 Qc8 14. Rc1 Qb7 15. 0-0 Nbd7 16. a4 Rfc8 17. Qb5 Rxc1 18. Rxc1 Rc8 19. Rxc8+ Qxc8 20. Nc3 Qb7 21. f3 Nd5 22. Ne2 a6 23. Qb3 Qc6 24. e4 Nc7 25. Qc3 Qxc3 26. Nxc3 f6 27. Kf2 Kf7 28. Ke2 b5 29. Kd3 bxa4 30. Nxa4 f5 31. Kc4 fxe4 32. fxe4 Ne8 33. Ba5 Nd6+ 34. Kd3 Nb5 35. Bb4 Nb8 36. Nc5 Nc6 37. Bc3 Nxc3 38. Kxc3 a5 39. Kc4 Ke7 40. e5 Nb4 41. Nb7 Nc2 42. Nxa5 Ne3+ 43. Kc5 Nxg2 44. Nc6+ Kd7 45. Nb8+ Ke7 46. Nc6+ Kd7 47. Nb8+ 1/2-1/2

[Event "Bundesliga 1920"]
[Site "Germany"]
[Date "2021.10.16"]
[Round "14.5"]
[White "Saltaev, Mihail"]
[Black "Lokander, Martin"]
[Result "1-0"]
[WhiteElo "2475"]
[BlackElo "2398"]
[PlyCount "77"]
[EventDate "2019.11.23"]
[EventType "team-tourn"]
[EventRounds "15"]
[EventCountry "GER"]
[SourceTitle "EXT 2022"]
[Source "ChessBase"]
[SourceDate "2021.10.06"]
[SourceVersion "1"]
[SourceVersionDate "2021.10.06"]
[SourceQuality "1"]
[WhiteTeam "Muelheim Nord"]
[BlackTeam "Bayern Muenchen"]
[WhiteTeamCountry "GER"]
[BlackTeamCountry "GER"]

1. e4 e6 2. d4 d5 3. Nd2 Nf6 4. e5 Nfd7 5. c3 c5 6. Bd3 Nc6 7. Ngf3 Be7 8. 0-0 g5 9. Qe2 g4 10. Ne1 cxd4 11. cxd4 Nxd4 12. Qxg4 Nc6 13. Qg7 Rf8 14. Ndf3 Ncxe5 15. Nxe5 Bf6 16. Nxf7 Rxf7 17. Qh6 e5 18. Be2 Nf8 19. Bh5 Ng6 20. Bxg6 hxg6 21. Qxg6 Qd7 22. Nf3 Qf5 23. Qg8+ Rf8 24. Qxd5 Be6 25. Qb5+ Bd7 26. Qe2 0-0-0 27. Be3 Kb8 28. Rfc1 Qh5 29. Bg5 Rde8 30. Bxf6 Rxf6 31. Rc5 Qg4 32. Rxe5 Ref8 33. Rg5 Qb4 34. Rd1 Bc8 35. h3 a6 36. Rd3 Be6 37. b3 Qb6 38. Qe5+ Ka8 39. Rd6 1-0

[Event "EU-Cup 36th"]
[Site "Struga"]
[Date "2021.09.22"]
[Round "5.3"]
[White "Boidman, Yuri"]
[Black "Lokander, Martin"]
[Result "0-1"]
[WhiteElo "2318"]
[BlackElo "2452"]
[PlyCount "68"]
[EventDate "2021.09.18"]
[EventType "team-swiss"]
[EventRounds "7"]
[EventCountry "MKD"]
[SourceTitle "CBM 204 Extra"]
[Source "ChessBase"]
[SourceDate "2021.11.30"]
[SourceVersion "1"]
[SourceVersionDate "2021.11.30"]
[SourceQuality "1"]
[WhiteTeam "Wirtzfeld"]
[BlackTeam "Stockholm CC"]
[WhiteTeamCountry "BEL"]
[BlackTeamCountry "SWE"]

1. e4 e5 2. Nf3 Nc6 3. Bb5 a6 4. Ba4 d6 5. Bxc6+ bxc6 6. d4 f6 7. 0-0 Ne7 8. Nbd2 Ng6 9. Nb3 Be7 10. Na5 Qd7 11. Qd3 d5 12. c4 f5 13. Nxe5 Nxe5 14. dxe5 fxe4 15. Qg3 0-0 16. Bh6 Rf7 17. cxd5 cxd5 18. Rac1 c5 19. b4 Qa4 20. f3 Be6 21. fxe4 Raf8 22. Rf6 Qd7 23. Rxf7 Rxf7 24. bxc5 dxe4 25. c6 Bc5+ 26. Kh1 Qc7 27. Nb7 Bf2 28. Qg5 Rf5 29. Qd8+ Qxd8 30. Nxd8 Bc8 31. Bd2 e3 32. Bc3 e2 33. g3 Bb6 34. Kg2 Rf2+ 0-1